00462nam a2200157Ia 4500008004100000020001800041082001200059100002000071245005300091250000800144260007000152300002300222500001900245600002000264650002000284240925s9999 xx 000 0 und d a9789352607006 a332 GIR aGiri, Pratap S. 0aInvestment Banking: concepts, analyses and cases a3rd aNew Delhi:bMcGraw Hill Education (India) Private Limitedc,2017. a506p.b0fOriginal aIncludes Index aSocial Sciences aSocial Sciences